00510nam a2200157 a 450000100100000000500170001000800410002704000250006810000330009324500380012626000370016430000200020104900090022195201050023099900170033500002822020200930031442.0110407s1977 dr 000 p spa d aDO-SdBNPbspacBNPHU1 aConde Pausas, Alfredo92470210aMachepa. /cAlfredo Conde Pausas. aSanto Domingo, :bTaller,c1977. a61 p. ;c13 cm. aBNPD 0010718PDaPDbPDcHDd2011-04-07iLF1l0o p28220-10r2020-06-25w2020-06-25yLFPDZNo se presta c27712d27712